| 000 | 00393nam a2200133Ia 4500 | ||
|---|---|---|---|
| 005 | 20260326235450.0 | ||
| 008 | 260326s9999||||xx |||||||||||||| ||und|| | ||
| 100 | _aViolich, Francis | ||
| 245 | 0 |
_aUrban Planing for Latin America : _b The challenge of metropolitan growth / _cFrancis Violich |
|
| 260 | _bLincoln Institute of Land Policy | ||
| 300 | _a435 p. | ||
| 650 | _aURBANISMO | ||
| 942 | _cBK | ||
| 999 |
_c7719 _d7719 |
||